B-4 EYVALLAH BİRLİK DÜKKANI (Record no. 1250581)

MARC details
000 -LEADER
sabit uzunluktaki kontrol alanı 00265nam a2200097Ia 4500
001 - KONTROL NUMARASI
kontrol alanı 1250581
005 - EN SON İŞLEMİN TARİH VE ZAMANI
kontrol alanı 20251031150858.0
008 - SABİT-UZUNLUKTA VERİ ÖĞELERİ--GENEL BİLGİ
sabit uzunluktaki kontrol alanı 251031s9999 xx 000 0 und d
245 #0 - ESER / YAZAR
Yazar Adı HİKMET ANIL ÖZTEKİN
ESER ADI B-4 EYVALLAH BİRLİK DÜKKANI
260 ## - YAYIN, DAĞITIM, VB.
YAYIN EVİ DESTEK YAYINLARI
Holdings
Düşüm durumu Kayıp durumu Hasar Durumu Ödünç verilmez Ana kütüphane Geçerli Kütüphane Edinilen tarih Toplam ödünç verme sayısı Tam yer numarası Barkod Son görüntüleme tarihi Fiyatın geçerli olmaya başladığı tarih Koha materyal türü
        ŞEHİT BURAK GENÇ CELEP HAVA LOJMAN KÜTÜPHANESİ ŞEHİT BURAK GENÇ CELEP HAVA LOJMAN KÜTÜPHANESİ 30.10.2025   B-4 / GENEL 11048690000003495 31.10.2025 31.10.2025 Books